00949cam a2200193K 4500082001500000100002800015245007500043260004300118300010300161526003700264526003700301650003600338650005900374856006500433942001200498999001900510952011300529952011300642 a940.4bFUL1 aFuller, J. F. C.93712110aTanks in the great war, 1914-1918cby Brevet-Colonel J.F.C. Fuller ... aNew York,bE.P. Dutton and Co.,c1920. a1 online resource (2 p. l., ix-xxiv, 331, [1] p.)bfront., illus., VII pl., maps (1 fold.) diagrs. a0b0c0d940_400000000000000_FUL a0b0c0d940_400000000000000_FUL 0aTanks (Military science)946748 0aWorld War, 1914-1918xCampaignszWestern Front.94930240uhttp://catalog.hathitrust.org/api/volumes/oclc/11156389.html 2ddccBK c552141d552141 00102ddc4070aMCEbMCEcArchive Sectiond2015-01-08l0o940.4 FULpMCE-ECT-18r2015-01-08w2015-01-08yBK 00102ddc4070aMCEbMCEcArchive Sectiond2015-01-14l0o940.4 FULpMCE-ect/18r2015-01-14w2015-01-14yBK